| 000 | 00371cam a2200145ua 4500 | ||
|---|---|---|---|
| 003 | OSt | ||
| 008 | 221130b |||||||| |||| 00| 0 eng d | ||
| 041 | _aeng | ||
| 082 |
_a028.7162 _bGAN/HA |
||
| 100 |
_aGandhi, R T . _95316 |
||
| 245 | _aHandbook on irrigation water management / | ||
| 260 |
_a : _bWater Management Division , _c1971. |
||
| 300 | _a148 ; . | ||
| 942 | _cBK | ||
| 999 |
_c3100 _d3100 |
||